| 000 | 00598nam a2200169 i 4500 | ||
|---|---|---|---|
| 001 | 46662 | ||
| 003 | ES-MaACL | ||
| 005 | 20230906161426.0 | ||
| 007 | t| | ||
| 008 | 030331s1952 sp ||||1| spa d | ||
| 111 | 2 |
_aCongreso de Poesía ( _n1º. _d1952. _cSegovia) _9336 |
|
| 245 | 1 | 0 |
_aMedio siglo de publicaciones de poesía en España _b: catálogo de revistas : I Congreso de Poesía, Segovia, 1952. |
| 260 |
_aMadrid, etc. : _b[s.n., _c1952] ( _fGráf. Uguina) |
||
| 300 |
_a51 p. ; _c22 cm. |
||
| 650 | 4 |
_aPoesía- _vPublicaciones periódicas. _916154 |
|
| 852 |
_aES-MaACL _j2134-F-12 _bR.107049 |
||
| 999 |
_c46662 _d46662 |
||